Transistor circuit design (Record no. 23504)

000 -LEADER
fixed length control field 00584nam a22002171 4500
001 - CONTROL NUMBER
control field 23504
003 - CONTROL NUMBER IDENTIFIER
control field BD-DhUET
008 - FIXED-LENGTH DATA ELEMENTS--GENERAL INFORMATION
fixed length control field 721219s1963 nyua b 000 0 eng
040 ## - CATALOGING SOURCE
Original cataloging agency DLC
Transcribing agency DLC
Modifying agency BD-DhUET
082 ## - DEWEY DECIMAL CLASSIFICATION NUMBER
Classification number 623.8151
Item number TEX/1963
110 ## - MAIN ENTRY--CORPORATE NAME
Corporate name or jurisdiction name as entry element Texas Instruments Incorporated
245 10 - TITLE STATEMENT
Title Transistor circuit design
250 ## - EDITION STATEMENT
Edition statement 1st ed.
260 ## - PUBLICATION, DISTRIBUTION, ETC. (IMPRINT)
Place of publication, distribution, etc. New York
Name of publisher, distributor, etc. McGraw-Hill
Date of publication, distribution, etc. 1963
300 ## - PHYSICAL DESCRIPTION
Extent xi, 523 p.
Other physical details ill.
Dimensions 26 cm.
504 ## - BIBLIOGRAPHY, ETC. NOTE
Bibliography, etc Includes bibliographies
650 #0 - SUBJECT ADDED ENTRY--TOPICAL TERM
Topical term or geographic name as entry element Transistor : Electronics
700 ## - ADDED ENTRY--PERSONAL NAME
Personal name Walston, Joseph A.
700 ## - ADDED ENTRY--PERSONAL NAME
Personal name Miller, John R.
942 ## - ADDED ENTRY ELEMENTS (KOHA)
Koha item type Corporate Publication
Holdings
Copy number Koha item type Not for loan Shelving location Sublocation or collection (holding branch) Damaged status Koha normalized classification for sorting Withdrawn status Date acquired Lost status Koha date last seen Location (home branch) Koha full call number Piece designation (barcode) Source of classification or shelving scheme Price effective from
1Corporate Publication Circulation sectionCentral Library, BUET 623_815100000000000_TEX_1963 2015-05-04 2015-05-04Central Library, BUET623.8151/TEX/1963 30610 2015-05-04
2Corporate Publication Circulation sectionCentral Library, BUET 623_815100000000000_TEX_1963 2015-05-04 2015-05-04Central Library, BUET623.8151/TEX/196330607 2015-05-04
3Corporate Publication Circulation sectionCentral Library, BUET 623_815100000000000_TEX_1963 2015-05-04 2015-05-04Central Library, BUET623.8151/TEX/1963 30612 2015-05-04
4Corporate Publication Circulation sectionCentral Library, BUET 623_815100000000000_TEX_1963 2015-05-04 2015-05-04Central Library, BUET623.8151/TEX/196330613 2015-05-04
5Corporate Publication Circulation sectionCentral Library, BUET 623_815100000000000_TEX_1963 2015-05-04 2015-05-04Central Library, BUET623.8151/TEX/1963 26687 2015-05-04
6Corporate Publication Circulation sectionCentral Library, BUET 623_815100000000000_TEX_1963 2015-05-07 2015-05-07Central Library, BUET623.8151/TEX/196330608 2015-05-07
7Corporate Publication Circulation sectionCentral Library, BUET 623_815100000000000_TEX_1963 2015-05-07 2015-05-07Central Library, BUET623.8151/TEX/196330606 2015-05-07
8Corporate Publication Circulation sectionCentral Library, BUET 623_815100000000000_TEX_1963 2015-05-07 2015-05-07Central Library, BUET623.8151/TEX/196330609 2015-05-07
9Corporate Publication Reading sectionCentral Library, BUET 623_815100000000000_TEX_1963 2015-06-25 2015-06-25Central Library, BUET623.8151/TEX/196330604 2015-06-25
10Corporate Publication Reading sectionCentral Library, BUET 623_815100000000000_TEX_1963 2015-06-25 2015-06-25Central Library, BUET623.8151/TEX/19639968 2015-06-25
11Corporate Publication Reading sectionCentral Library, BUET 623_815100000000000_TEX_1963 2015-06-25 2015-06-25Central Library, BUET623.8151/TEX/196330605 2015-06-25